[Event "NRW-ch Seniors 16th"]
[Site "Hattingen"]
[Date "2005.05.28"]
[Round "8"]
[White "Loeschner, Manfred"]
[Black "Behle, Karl Willi"]
[Result "0-1"]
[WhiteElo "1655"]
[BlackElo "1962"]
[PlyCount "56"]
[EventDate "2005.05.21"]
[EventType "swiss"]
[EventRounds "9"]
[EventCountry "GER"]
[SourceTitle "EXT 2007"]
[Source "ChessBase"]
[SourceDate "2006.11.23"]
[SourceVersion "1"]
[SourceVersionDate "2006.11.23"]
[SourceQuality "1"]

1. e4 e5 2. Nf3 Nc6 3. Bb5 d6 4. d4 Bd7 5. d5 Nb8 6. Bxd7+ Nxd7 7. Be3 Be7 8. 0-0 Ngf6 9. Qd3 Ng4 10. h3 Nxe3 11. Qxe3 0-0 12. g4 h6 13. c4 b6 14. Nc3 Rb8 15. a4 Re8 16. Kg2 Bg5 17. Nxg5 hxg5 18. Rh1 Nf8 19. a5 Ng6 20. b4 Qf6 21. Ne2 Nh4+ 22. Kg3 Qf4+ 23. Qxf4 exf4+ 24. Nxf4 gxf4+ 25. Kxh4 Rxe4 26. Rab1 Re5 27. Rhd1 g5+ 28. Kh5 Kg7 0-1

[Event "NRW-ch Seniors 16th"]
[Site "Hattingen"]
[Date "2005.05.27"]
[Round "7"]
[White "Behle, Karl Willi"]
[Black "Kuehler, Wolfgang"]
[Result "1/2-1/2"]
[WhiteElo "1962"]
[BlackElo "2025"]
[PlyCount "22"]
[EventDate "2005.05.21"]
[EventType "swiss"]
[EventRounds "9"]
[EventCountry "GER"]
[SourceTitle "EXT 2007"]
[Source "ChessBase"]
[SourceDate "2006.11.23"]
[SourceVersion "1"]
[SourceVersionDate "2006.11.23"]
[SourceQuality "1"]

1. e4 c5 2. Nf3 Nc6 3. Nc3 d6 4. d4 cxd4 5. Nxd4 Nf6 6. Bg5 e6 7. Qd2 Be7 8. 0-0-0 0-0 9. Kb1 Bd7 10. Nf3 Qa5 11. Bf4 Rfd8 1/2-1/2

[Event "NRW-ch Seniors 16th"]
[Site "Hattingen"]
[Date "2005.05.25"]
[Round "5"]
[White "Behle, Karl Willi"]
[Black "Kies, Werner"]
[Result "1/2-1/2"]
[WhiteElo "1962"]
[BlackElo "2022"]
[PlyCount "60"]
[EventDate "2005.05.21"]
[EventType "swiss"]
[EventRounds "9"]
[EventCountry "GER"]
[SourceTitle "EXT 2007"]
[Source "ChessBase"]
[SourceDate "2006.11.23"]
[SourceVersion "1"]
[SourceVersionDate "2006.11.23"]
[SourceQuality "1"]

1. e4 c5 2. Nf3 e6 3. d4 cxd4 4. Nxd4 Nf6 5. Nc3 d6 6. Be2 a6 7. 0-0 Qc7 8. Be3 Nc6 9. f4 Be7 10. Bf3 0-0 11. Qe1 Bd7 12. a3 Rac8 13. Rd1 Nxd4 14. Bxd4 Bc6 15. Kh1 Rfd8 16. Qf2 Nd7 17. Qg3 Bf8 18. Bg4 Nc5 19. Rde1 Re8 20. f5 e5 21. Bxc5 dxc5 22. f6 Rcd8 23. fxg7 Bxg7 24. Bf5 Rd6 25. Qf2 b6 26. Re3 Red8 27. Rh3 h6 28. Rg3 Qe7 29. Qe2 b5 30. Qg4 Qf8 1/2-1/2

[Event "NRW-ch Seniors 16th"]
[Site "Hattingen"]
[Date "2005.05.21"]
[Round "1"]
[White "Behle, Karl Willi"]
[Black "Vossen, Leo"]
[Result "1/2-1/2"]
[WhiteElo "1962"]
[BlackElo "1835"]
[PlyCount "49"]
[EventDate "2005.05.21"]
[EventType "swiss"]
[EventRounds "9"]
[EventCountry "GER"]
[SourceTitle "EXT 2007"]
[Source "ChessBase"]
[SourceDate "2006.11.23"]
[SourceVersion "1"]
[SourceVersionDate "2006.11.23"]
[SourceQuality "1"]

1. e4 c5 2. Nf3 Nc6 3. Bc4 e6 4. Nc3 d6 5. 0-0 Nf6 6. Re1 Be7 7. d4 cxd4 8. Nxd4 0-0 9. Be3 a6 10. a4 Qc7 11. Bf1 Bd7 12. f3 Rac8 13. Nxc6 Qxc6 14. Qd2 d5 15. exd5 Nxd5 16. Nxd5 exd5 17. Bd4 Bf6 18. c3 Rfe8 19. a5 Bxd4+ 20. Qxd4 Rxe1 21. Rxe1 Re8 22. Rd1 Be6 23. Bd3 Qc7 24. Ra1 Qd8 25. Qf4 1/2-1/2

[Event "GER-chT Seniors 10th"]
[Site "Rheda Wiedenbrueck"]
[Date "2001.08.15"]
[Round "4.3"]
[White "Hoffmann, Hans"]
[Black "Behle, Karl Willi"]
[Result "1-0"]
[WhiteElo "2236"]
[BlackElo "2269"]
[PlyCount "81"]
[EventDate "2001.08.12"]
[EventType "team"]
[EventRounds "7"]
[EventCountry "GER"]
[SourceTitle "EXT 2002"]
[Source "ChessBase"]
[SourceDate "2001.11.25"]
[SourceVersion "1"]
[SourceVersionDate "2001.11.25"]
[SourceQuality "1"]
[WhiteTeam "Wuerttemberg Seniors II"]
[BlackTeam "NRW Seniors II"]
[WhiteTeamCountry "GER"]
[BlackTeamCountry "GER"]

1. e4 c5 2. Nf3 Nc6 3. Nc3 e6 4. d4 cxd4 5. Nxd4 Nf6 6. Be3 a6 7. Bd3 d6 8. 0-0 Be7 9. f4 Qc7 10. Kh1 Bd7 11. Qe1 h5 12. Nf3 h4 13. Na4 b5 14. Nb6 Rb8 15. Nxd7 Nxd7 16. a4 Nc5 17. axb5 axb5 18. Qc3 0-0 19. Bxc5 dxc5 20. e5 Rfd8 21. Qe1 Nd4 22. Nxh4 c4 23. Be4 b4 24. Qg3 b3 25. c3 Bxh4 26. Qxh4 Nf5 27. Qf2 Rd7 28. Qe2 Rbd8 29. Rfd1 g6 30. Rxd7 Qxd7 31. g4 Ne7 32. Kg2 Nd5 33. Kf3 Qc6 34. Rd1 Qc5 35. Rd4 Rc8 36. Qd2 Kg7 37. Bxd5 exd5 38. f5 Re8 39. Qg5 Qc7 40. f6+ Kg8 41. Qh6 1-0

[Event "GER-chT Seniors 10th"]
[Site "Rheda Wiedenbrueck"]
[Date "2001.08.14"]
[Round "3.3"]
[White "Behle, Karl Willi"]
[Black "Bauer, Werner"]
[Result "1/2-1/2"]
[WhiteElo "2269"]
[BlackElo "1887"]
[PlyCount "96"]
[EventDate "2001.08.12"]
[EventType "team"]
[EventRounds "7"]
[EventCountry "GER"]
[SourceTitle "EXT 2002"]
[Source "ChessBase"]
[SourceDate "2001.11.25"]
[SourceVersion "1"]
[SourceVersionDate "2001.11.25"]
[SourceQuality "1"]
[WhiteTeam "NRW Seniors II"]
[BlackTeam "Saarland Seniors"]
[WhiteTeamCountry "GER"]
[BlackTeamCountry "GER"]

1. e4 e5 2. f4 Bc5 3. Nf3 d6 4. Bc4 Nf6 5. d3 Bg4 6. c3 0-0 7. h3 Bxf3 8. Qxf3 Nbd7 9. f5 c6 10. Bg5 Qc7 11. Nd2 a5 12. a3 b5 13. Ba2 b4 14. a4 bxc3 15. bxc3 Rab8 16. Nb3 Ba7 17. g4 d5 18. Bd2 Rfd8 19. g5 dxe4 20. dxe4 Rxb3 21. Bxb3 Nxe4 22. Qxe4 Nc5 23. Qc4 e4 24. Qxf7+ Qxf7 25. Bxf7+ Kxf7 26. Be3 Nb3 27. Rb1 Bxe3 28. Rxb3 Bxg5 29. Rb7+ Kf6 30. Rc7 Rb8 31. Rxc6+ Ke5 32. 0-0 Rb2 33. Rc5+ Kd6 34. Rxa5 Rc2 35. Rd1+ Kc6 36. Re5 e3 37. Re1 Rxc3 38. Re2 Ra3 39. a5 Bf6 40. Re6+ Kb5 41. a6 Bd4 42. Kg2 Kc4 43. Kf3 Kd5 44. R2xe3 Bxe3 45. Rxe3 Rxa6 46. Re7 g6 47. Rxh7 gxf5 48. Kf4 Rf6 1/2-1/2

[Event "GER-ch Seniors 12th"]
[Site "Bad Homburg"]
[Date "2000.07.31"]
[Round "3"]
[White "Mueller, Horst"]
[Black "Behle, Karl Willi"]
[Result "1-0"]
[WhiteElo "2129"]
[BlackElo "2282"]
[PlyCount "91"]
[EventDate "2000.07.29"]
[EventType "swiss"]
[EventRounds "9"]
[EventCountry "GER"]
[SourceTitle "EXT 2002"]
[Source "ChessBase"]
[SourceDate "2001.11.25"]
[SourceVersion "1"]
[SourceVersionDate "2001.11.25"]
[SourceQuality "1"]

1. Nf3 d5 2. e3 Nf6 3. b3 Bg4 4. Be2 Nbd7 5. d4 Bxf3 6. Bxf3 e5 7. dxe5 Nxe5 8. Be2 Bb4+ 9. c3 Bd6 10. Ba3 0-0 11. Bxd6 Qxd6 12. Nd2 Rad8 13. Nf3 Ne4 14. Nxe5 Qxe5 15. Qd4 Qe7 16. 0-0 Rfe8 17. Rac1 a6 18. Rc2 Rd6 19. Bf3 c5 20. Qd3 Qe5 21. Rd1 Red8 22. g3 b5 23. Rcc1 Qf6 24. Kg2 g6 25. b4 Ng5 26. Qe2 c4 27. h4 Ne4 28. Rd4 Qe5 29. Bxe4 dxe4 30. Rcd1 Rxd4 31. exd4 Qe6 32. Re1 f5 33. Qe3 Re8 34. Qf4 Qd5 35. Re3 Qc6 36. h5 Kg7 37. hxg6 hxg6 38. g4 Qf6 39. Rh3 Kg8 40. gxf5 Qxf5 41. Qh6 Qf6 42. Qh7+ Kf8 43. Qh8+ Qxh8 44. Rxh8+ Kf7 45. Rxe8 Kxe8 46. Kg3 1-0

[Event "GER-ch Seniors 12th"]
[Site "Bad Homburg"]
[Date "2000.07.29"]
[Round "1"]
[White "Reyher, Werner"]
[Black "Behle, Karl Willi"]
[Result "0-1"]
[WhiteElo "1829"]
[BlackElo "2282"]
[PlyCount "34"]
[EventDate "2000.07.29"]
[EventType "swiss"]
[EventRounds "9"]
[EventCountry "GER"]
[SourceTitle "EXT 2002"]
[Source "ChessBase"]
[SourceDate "2001.11.25"]
[SourceVersion "1"]
[SourceVersionDate "2001.11.25"]
[SourceQuality "1"]

1. d4 d5 2. c4 e5 3. dxe5 d4 4. Nf3 Nc6 5. g3 Be6 6. Nbd2 Nge7 7. Bg2 Ng6 8. 0-0 Qd7 9. b3 Be7 10. Bb2 0-0-0 11. Ne4 Bh3 12. Nfg5 Bxg2 13. e6 fxe6 14. Kxg2 Bxg5 15. Nxg5 e5 16. f3 Nce7 17. Nf7 Nf5 0-1

[Event "GER-chT Seniors 08th"]
[Site "Verden"]
[Date "1999.08.05"]
[Round "5.4"]
[White "Behle, Karl Willi"]
[Black "Juckschat, Paul"]
[Result "1-0"]
[WhiteElo "2287"]
[BlackElo "1946"]
[PlyCount "77"]
[EventDate "1999.08.01"]
[EventType "team-swiss"]
[EventRounds "7"]
[EventCountry "GER"]
[SourceTitle "EXT 2022"]
[Source "ChessBase"]
[SourceDate "2021.10.06"]
[SourceVersion "1"]
[SourceVersionDate "2021.10.06"]
[SourceQuality "1"]

1. d4 d5 2. c4 e6 3. Nf3 c6 4. g3 Nf6 5. Bg2 Nbd7 6. 0-0 Bd6 7. Nc3 0-0 8. Qc2 Re8 9. Rd1 h6 10. b3 Qc7 11. c5 Bf8 12. Bf4 Qa5 13. a3 Qd8 14. b4 Nh5 15. Be5 f5 16. h3 Nhf6 17. a4 Nxe5 18. Nxe5 Nd7 19. Nd3 e5 20. dxe5 Nxe5 21. Nf4 Qf6 22. e3 Kh8 23. b5 Rb8 24. Rac1 Qf7 25. Nce2 g5 26. Nd3 Bg7 27. Nxe5 Bxe5 28. Nd4 Bd7 29. Qb3 Bxd4 30. Rxd4 Be6 31. Rb4 cxb5 32. Rxb5 Kg8 33. Qb2 Qg7 34. Qb4 Qc7 35. Qd4 Qf7 36. Rcb1 Rec8 37. Qe5 Rc7 38. c6 b6 39. Rxd5 1-0

[Event "GER-chT Seniors 08th"]
[Site "Verden"]
[Date "1999.08.01"]
[Round "1.4"]
[White "Behle, Karl Willi"]
[Black "Kildal, Helge"]
[Result "1-0"]
[WhiteElo "2287"]
[BlackElo "1954"]
[PlyCount "59"]
[EventDate "1999.08.01"]
[EventType "team-swiss"]
[EventRounds "7"]
[EventCountry "GER"]
[SourceTitle "EXT 2022"]
[Source "ChessBase"]
[SourceDate "2021.10.06"]
[SourceVersion "1"]
[SourceVersionDate "2021.10.06"]
[SourceQuality "1"]

1. e4 e6 2. d4 d5 3. e5 c5 4. b4 cxb4 5. a3 Nc6 6. axb4 Bxb4+ 7. c3 Bf8 8. Bd3 f5 9. Nh3 g6 10. Nf4 Nh6 11. Nd2 Nf7 12. h4 Be7 13. Nf3 0-0 14. h5 g5 15. Ng6 Re8 16. Nxe7+ Qxe7 17. h6 Kh8 18. g4 Rg8 19. Ba3 Qd7 20. Qc2 Ne7 21. Rh5 Rg6 22. 0-0-0 Ng8 23. Bf8 Ne7 24. Rg1 Kg8 25. Bg7 a5 26. Bf6 a4 27. Rhh1 Rxh6 28. Nxg5 Ng6 29. Nxf7 Rh5 30. gxh5 1-0

[Event "GER-chT Seniors 07th"]
[Site "Bad Wildbad"]
[Date "1998.??.??"]
[Round "6"]
[White "Behle, Karl Willi"]
[Black "Neese, Hans Joachim"]
[Result "1/2-1/2"]
[WhiteElo "2094"]
[BlackElo "2166"]
[PlyCount "53"]
[EventDate "1998.10.04"]
[EventType "team-swiss"]
[EventRounds "7"]
[EventCountry "GER"]
[SourceTitle "EXT 2022"]
[Source "ChessBase"]
[SourceDate "2021.10.06"]
[SourceVersion "1"]
[SourceVersionDate "2021.10.06"]
[SourceQuality "1"]

1. e4 c5 2. d4 cxd4 3. c3 dxc3 4. Nxc3 d6 5. Bc4 e6 6. Nf3 Be7 7. 0-0 Nc6 8. Qe2 Nf6 9. Re1 e5 10. h3 0-0 11. Be3 Bd7 12. a3 a6 13. b4 Rc8 14. Rac1 b5 15. Bb3 Be6 16. Nd5 Bxd5 17. exd5 Nb8 18. Rxc8 Qxc8 19. Rc1 Qd7 20. Qc2 Bd8 21. Ba2 Re8 22. Bg5 h6 23. Be3 Qb7 24. Nh4 Be7 25. Nf5 Bf8 26. Qc7 Qxc7 27. Rxc7 1/2-1/2

[Event "Oberliga NRW 9192 I"]
[Site "Germany"]
[Date "1992.??.??"]
[Round "?.5"]
[White "Behle, Karl Willi"]
[Black "Nautsch, Werner"]
[Result "0-1"]
[WhiteElo "2285"]
[BlackElo "2300"]
[PlyCount "88"]
[EventDate "1991.10.??"]
[EventType "team"]
[EventRounds "11"]
[EventCountry "GER"]
[SourceTitle "TD"]
[Source "ChessBase"]
[SourceDate "1994.03.01"]
[SourceVersion "1"]
[SourceVersionDate "1994.03.01"]
[SourceQuality "1"]
[WhiteTeam "Wuppertal"]
[BlackTeam "Katernberg"]
[WhiteTeamCountry "GER"]
[BlackTeamCountry "GER"]

1. d4 g6 2. c4 Bg7 3. Nc3 d6 4. e4 Nc6 5. Be3 e5 6. Nge2 f5 7. f3 Nf6 8. d5 Ne7 9. Qd2 0-0 10. Nc1 Bd7 11. Be2 a6 12. c5 fxe4 13. fxe4 Ng4 14. Bxg4 Bxg4 15. Nd3 Nc8 16. Nf2 Bd7 17. 0-0 dxc5 18. Bg5 Qe8 19. Nd3 b6 20. Rxf8+ Qxf8 21. Rf1 Qe8 22. Qf2 c4 23. Ne1 Nd6 24. Qg3 b5 25. Qh4 b4 26. Nd1 Bb5 27. Rf3 Nf7 28. Bc1 Qd8 29. Qg3 a5 30. Rf2 Nd6 31. Qg4 Bd7 32. Qe2 Qh4 33. Nf3 Qxe4 34. Qxe4 Nxe4 35. Re2 Nc5 36. Nf2 Re8 37. Ne4 b3 38. a3 Nd3 39. Bg5 Bf5 40. Nf6+ Bxf6 41. Bxf6 Bg4 42. Re3 Bxf3 43. gxf3 Nxb2 44. Rc3 Na4 0-1

[Event "Oberliga NRW 9192 I"]
[Site "Germany"]
[Date "1992.??.??"]
[Round "?.6"]
[White "Behle, Karl Willi"]
[Black "Stopka, Dominik"]
[Result "1-0"]
[WhiteElo "2285"]
[BlackElo "2215"]
[PlyCount "53"]
[EventDate "1991.10.??"]
[EventType "team"]
[EventRounds "11"]
[EventCountry "GER"]
[SourceTitle "TD"]
[Source "ChessBase"]
[SourceDate "1994.03.01"]
[SourceVersion "1"]
[SourceVersionDate "1994.03.01"]
[SourceQuality "1"]
[WhiteTeam "Wuppertal"]
[BlackTeam "Muenster II"]
[WhiteTeamCountry "GER"]
[BlackTeamCountry "GER"]

1. d4 Nf6 2. c4 c5 3. d5 b5 4. Bg5 Ne4 5. Bf4 g5 6. Bc1 e6 7. Nd2 Nd6 8. e4 Qa5 9. cxb5 Bg7 10. Qc2 0-0 11. Bd3 Bb7 12. Qxc5 exd5 13. Qxd6 dxe4 14. Be2 Re8 15. Kf1 Re6 16. Qc5 Re5 17. Qe3 d5 18. Nb3 Qd8 19. Nd4 h6 20. h4 a6 21. hxg5 Rxg5 22. Nh3 Rg6 23. Nf4 Rf6 24. Nh5 axb5 25. Nxg7 Kxg7 26. Rxh6 Qd6 27. Nf5+ 1-0

[Event "Oberliga NRW 9192 I"]
[Site "Germany"]
[Date "1992.??.??"]
[Round "?.6"]
[White "Stoeckmann, Helmut"]
[Black "Behle, Karl Willi"]
[Result "1-0"]
[WhiteElo "2220"]
[BlackElo "2285"]
[PlyCount "85"]
[EventDate "1991.10.??"]
[EventType "team"]
[EventRounds "11"]
[EventCountry "GER"]
[SourceTitle "TD"]
[Source "ChessBase"]
[SourceDate "1994.03.01"]
[SourceVersion "1"]
[SourceVersionDate "1994.03.01"]
[SourceQuality "1"]
[WhiteTeam "Blomberg"]
[BlackTeam "Wuppertal"]
[WhiteTeamCountry "GER"]
[BlackTeamCountry "GER"]

1. c4 d6 2. Nc3 e5 3. e4 Nc6 4. g3 Nf6 5. d3 Be7 6. Bg2 Bg4 7. f3 Be6 8. Nge2 0-0 9. 0-0 Qd7 10. Be3 Bh3 11. d4 Bxg2 12. Kxg2 Kh8 13. d5 Nd8 14. b4 b6 15. Qd2 Ng8 16. g4 g6 17. Ng3 a5 18. a3 f6 19. h4 Nf7 20. Rh1 Rfb8 21. h5 g5 22. Nf5 Bf8 23. Rhb1 Qd8 24. Ne2 Qe8 25. Qc2 Ngh6 26. Neg3 Nxf5 27. Nxf5 axb4 28. axb4 Nh6 29. Nxh6 Bxh6 30. c5 Qb5 31. cxb6 cxb6 32. Bf2 Bf8 33. Rxa8 Rxa8 34. Qc6 Qxc6 35. dxc6 b5 36. Bb6 Kg8 37. Ba5 Kf7 38. Rd1 Ke6 39. Rd5 Ra6 40. c7 Rc6 41. Rxb5 Rc2+ 42. Kg3 d5 43. Rb8 1-0

[Event "Lenk op"]
[Site "Lenk"]
[Date "1990.??.??"]
[Round "2"]
[White "Gheorghiu, Florin"]
[Black "Behle, Karl Willi"]
[Result "1-0"]
[WhiteElo "2470"]
[BlackElo "2315"]
[PlyCount "55"]
[EventDate "1990.??.??"]
[EventType "swiss"]
[EventRounds "9"]
[EventCountry "SUI"]
[SourceTitle "EXT 2000"]
[Source "ChessBase"]
[SourceDate "1999.11.16"]
[SourceVersion "1"]
[SourceVersionDate "1999.11.16"]
[SourceQuality "1"]

1. d4 c5 2. d5 e6 3. Nc3 exd5 4. Nxd5 Nf6 5. Bg5 Be7 6. Bxf6 Bxf6 7. c3 0-0 8. g3 Nc6 9. Bg2 g6 10. Nf3 Bg7 11. Nd2 d6 12. a4 Ne5 13. Qb3 Rb8 14. Nc4 Be6 15. 0-0 Kh8 16. Rfd1 Nxc4 17. Qxc4 a6 18. a5 b5 19. axb6 Rxb6 20. Nxb6 Qxb6 21. Qxa6 Qxb2 22. Rab1 Qxc3 23. Qxd6 Qe5 24. Qxe5 Bxe5 25. Rb5 Rc8 26. Bd5 Bg4 27. Bc4 Bd4 28. Rdb1 1-0

[Event "Lenk op"]
[Site "Lenk"]
[Date "1990.??.??"]
[Round "3"]
[White "Landenbergue, Claude"]
[Black "Behle, Karl Willi"]
[Result "1-0"]
[WhiteElo "2385"]
[BlackElo "2315"]
[PlyCount "61"]
[EventDate "1990.??.??"]
[EventType "swiss"]
[EventRounds "9"]
[EventCountry "SUI"]
[SourceTitle "EXT 2000"]
[Source "ChessBase"]
[SourceDate "1999.11.16"]
[SourceVersion "1"]
[SourceVersionDate "1999.11.16"]
[SourceQuality "1"]

1. Nf3 d6 2. d4 g6 3. c4 Bg7 4. Nc3 Nd7 5. g3 c5 6. Bg2 Ngf6 7. 0-0 0-0 8. d5 Ng4 9. Qc2 Nge5 10. Nd2 f5 11. b3 a6 12. Bb2 Rb8 13. a4 Nf6 14. a5 Bd7 15. Nd1 Nh5 16. e3 Nf6 17. Bc3 Qe8 18. Nb2 Nfg4 19. Rae1 Nf7 20. Bxg7 Kxg7 21. Nd3 Kg8 22. e4 Nge5 23. Nxe5 Nxe5 24. f4 Nf7 25. h3 Qd8 26. Qc3 b5 27. axb6 Rxb6 28. Re3 e6 29. dxe6 Bxe6 30. exf5 Bxf5 31. g4 1-0

[Event "Lenk op"]
[Site "Lenk"]
[Date "1990.??.??"]
[Round "5"]
[White "Nemeth, Maria"]
[Black "Behle, Karl Willi"]
[Result "0-1"]
[WhiteElo "2175"]
[BlackElo "2315"]
[PlyCount "76"]
[EventDate "1990.??.??"]
[EventType "swiss"]
[EventRounds "9"]
[EventCountry "SUI"]
[SourceTitle "EXT 2000"]
[Source "ChessBase"]
[SourceDate "1999.11.16"]
[SourceVersion "1"]
[SourceVersionDate "1999.11.16"]
[SourceQuality "1"]

1. d4 Nf6 2. c4 e6 3. Nf3 b6 4. g3 Bb7 5. Bg2 c5 6. d5 exd5 7. Nh4 g6 8. Nc3 Bg7 9. Nxd5 Nxd5 10. Bxd5 Bxd5 11. Qxd5 Nc6 12. 0-0 0-0 13. Rd1 Qe7 14. e3 Qe6 15. a3 Ne5 16. Rb1 g5 17. Ng2 Rae8 18. b3 Qg4 19. Ne1 Qh5 20. Bb2 Ng4 21. Nf3 Bxb2 22. Rxb2 h6 23. h4 Rxe3 24. Kg2 Rfe8 25. hxg5 Re2 26. Rxe2 Rxe2 27. Rh1 Ne3+ 28. Kg1 Qxh1+ 29. Kxh1 Nxd5 30. cxd5 hxg5 31. Nxg5 Rxf2 32. Ne4 Rb2 33. Nf6+ Kf8 34. Nxd7+ Ke7 35. Ne5 f6 36. Nc6+ Kd6 37. Nxa7 Rxb3 38. Nc8+ Kxd5 0-1

[Event "BL2-West 8889"]
[Site "Germany"]
[Date "1989.??.??"]
[Round "?.8"]
[White "Behle, Karl Willi"]
[Black "Wittmann, Rainer"]
[Result "0-1"]
[WhiteElo "2315"]
[BlackElo "2305"]
[PlyCount "80"]
[EventDate "1988.10.??"]
[EventType "team-tourn"]
[EventRounds "9"]
[EventCountry "GER"]
[SourceTitle "GER-chT2"]
[Source "ChessBase"]
[SourceDate "1999.07.01"]
[SourceVersion "1"]
[SourceVersionDate "1999.07.01"]
[SourceQuality "1"]
[WhiteTeam "Wuppertal"]
[BlackTeam "Dortmund Brackel"]
[WhiteTeamCountry "GER"]
[BlackTeamCountry "GER"]

1. d4 c5 2. Nf3 e6 3. g3 d5 4. Bg2 Nc6 5. 0-0 Nf6 6. a3 b6 7. c4 Bb7 8. cxd5 Nxd5 9. dxc5 Bxc5 10. b4 Be7 11. Ra2 0-0 12. Rd2 Qc7 13. Bb2 Rfd8 14. Qb3 Rac8 15. Rc2 Qb8 16. Nbd2 Qa8 17. h4 a5 18. b5 a4 19. Qa2 Na5 20. Rxc8 Rxc8 21. Qa1 Nf6 22. Bd4 Rd8 23. Rd1 Rd5 24. Bxb6 Rxd2 25. Rxd2 Nb3 26. Qd1 Nxd2 27. Qxd2 Bxa3 28. Bd4 Be7 29. Ne1 Bxg2 30. Nxg2 a3 31. Ne3 Qb7 32. b6 Qa6 33. Qa2 Nd7 34. Qc4 Qxc4 35. Nxc4 a2 36. e4 Bc5 37. Bb2 Nxb6 38. Nxb6 Bxb6 39. Kf1 f6 40. Ke2 e5 0-1

[Event "Oberliga NRW 8889 II"]
[Site "Germany"]
[Date "1988.??.??"]
[Round "2"]
[White "Oeljeklaus, Guenter"]
[Black "Behle, Karl Willi"]
[Result "1-0"]
[WhiteElo "2070"]
[BlackElo "2180"]
[PlyCount "73"]
[EventDate "1988.10.??"]
[EventType "team"]
[EventRounds "9"]
[EventCountry "GER"]
[SourceTitle "EXT 1997"]
[Source "ChessBase"]
[SourceDate "1996.11.15"]
[SourceVersion "1"]
[SourceVersionDate "1996.11.15"]
[SourceQuality "1"]
[WhiteTeam "Koeln Gerling"]
[BlackTeam "Wuppertal II"]
[WhiteTeamCountry "GER"]
[BlackTeamCountry "GER"]

1. Nf3 e6 2. c4 f5 3. g3 Nf6 4. Bg2 g6 5. 0-0 Bg7 6. Nc3 0-0 7. d4 d6 8. b3 Qe7 9. Ba3 Bd7 10. Rc1 c6 11. Qd3 Na6 12. Nd2 Rad8 13. e4 Bc8 14. e5 Ne8 15. Qe3 Qd7 16. Rfd1 Rf7 17. exd6 Nxd6 18. Nf3 Qe8 19. Ne5 Rc7 20. f4 Nf7 21. Nxf7 Rxf7 22. d5 exd5 23. Qxe8+ Rxe8 24. cxd5 Bd7 25. dxc6 bxc6 26. Rxd7 Rxd7 27. Bxc6 Red8 28. Bxd7 Rxd7 29. Nb5 Kf7 30. Rc6 Nb8 31. Rc8 Na6 32. Bd6 Ke6 33. Rc6 Rb7 34. Rxa6 Rxb5 35. Be5+ Kf7 36. Rxa7+ Kf8 37. Bxg7+ 1-0